<The> Internationalization of small and medium-sized enterprises in the viticulture
Významná úloha malých a stredných podnikov (MSP) v českej ekonomike. Ich príspevok k zamestnanosti, tvorbe HDP, sú zdrojom inovácií a technologického pokroku. Internacionalizácia MSP, zvlášť v oblasti vinohradníctva. Výskum v 450tich vinárskych MSP v Českej republike. Metódy, výsledky prieskumu a di...
Uložené v:
| Hlavný autor: | |
|---|---|
| Ďalší autori: | |
| Médium: | Kapitola |
| Jazyk: | English |
| Predmet: | |
| Tagy: |
Žiadne tagy, Buďte prvý, kto otaguje tento záznam!
|
MARC
| LEADER | 00000naa a2200000 4500 | ||
|---|---|---|---|
| 001 | 0158310 | ||
| 005 | 20231211070018.5 | ||
| 041 | 0 | |a eng | |
| 044 | |a CZ | ||
| 245 | 1 | 0 | |a <The> Internationalization of small and medium-sized enterprises in the viticulture |c Lea Kubíčková, Aleš Peprný |
| 520 | |a Významná úloha malých a stredných podnikov (MSP) v českej ekonomike. Ich príspevok k zamestnanosti, tvorbe HDP, sú zdrojom inovácií a technologického pokroku. Internacionalizácia MSP, zvlášť v oblasti vinohradníctva. Výskum v 450tich vinárskych MSP v Českej republike. Metódy, výsledky prieskumu a diskusia. | ||
| 610 | 2 | 0 | |a vinohradníctvo |
| 610 | 2 | 0 | |a podnik malý |
| 610 | 2 | 0 | |a podnik stredný |
| 610 | 2 | 0 | |a internacionalizácia |
| 610 | 2 | 0 | |a Česko |
| 100 | 1 | |a Kubíčková, Lea | |
| 700 | 1 | |a Peprný, Aleš | |